Vista normal
Vista MARC
Entrada Personal Name
Número de registros utilizados en: 3
001 - CONTROL NUMBER
- control field: 13705
003 - CONTROL NUMBER IDENTIFIER
- control field: OSt
005 - DATE AND TIME OF LATEST TRANSACTION
- control field: 20210219145825.0
008 - FIXED-LENGTH DATA ELEMENTS
- fixed length control field: 210219|| aca||aabn | a|a d
040 ## - CATALOGING SOURCE
- Original cataloging agency: OSt
- Transcribing agency: OSt
100 ## - HEADING--PERSONAL NAME
- Personal name: Naranjo Mesa, Vladimiro
670 ## - SOURCE DATA FOUND
- Source citation: Work cat.: (OSt)0: Naranjo Mesa, Vladimiro autor , Teoría constitucional e instituciones políticas / , 2006